|
|
|
|
| LEADER |
01105nab#a2200409#ar4500 |
| 001 |
000114421 |
| 003 |
SVKKK |
| 005 |
20141120151950.0 |
| 008 |
141120c1980 xo |||||||||||||||b|slo |
| FMT |
|
|
|
| 015 |
|
|
|a SNBRB2014/11
|
| 038 |
|
|
|a SVKKK
|
| 040 |
|
|
|a SVKKK
|b slo
|e AACR2
|
| 041 |
0 |
|
|a slo
|b ger
|b rus
|
| 044 |
|
|
|a xo
|c SK
|
| 080 |
|
|
|a 902
|2 2008
|
| 080 |
|
|
|a 902.2
|2 2008
|
| 090 |
|
|
|a V.228809
|
| 100 |
1 |
|
|a Ruttkay, Alexander
|4 aut
|
| 245 |
1 |
0 |
|a Výsledky výskumu v Nitrianskej Blatnici v roku 1979
|c Alexander Ruttkay
|
| 504 |
|
|
|a Bibliogr. odkazy
|
| 546 |
|
|
|a Res. nem., rus.
|
| 648 |
0 |
4 |
|a 1979
|
| 650 |
0 |
4 |
|a archeológia
|
| 650 |
0 |
4 |
|a systematický archeologický výskum
|x výsledky výskumu
|
| 650 |
0 |
4 |
|a archeologické nálezy
|
| 650 |
0 |
4 |
|a kostrové hroby
|
| 651 |
|
4 |
|a Nitrianska Blatnica (Slovensko)
|
| 773 |
0 |
|
|t Archeologické výskumy a nálezy na Slovensku v roku 1979
|d Nitra : Archeologický ústav SAV v Nitre, 1980
|g S.185-191
|
| 958 |
|
|
|a SK
|
| 958 |
|
|
|a NB
|
| 974 |
|
|
|a Va
|
| 992 |
|
|
|a RZB
|
| BAS |
|
|
|
| 852 |
|
|
|a SVKKK
|b BIB
|
| EXP |
|
|
|
| 998 |
|
|
|a SLO
|